Expropiación forzosa : legislación vigente por el carácter progresivo de esta publicación legislación vigente por el carácter progresivo de esta publicación
Descripción Física:
1024 p. ; 17 cm
MARC
| LEADER | 00000nam a2200000Ia 4500 | ||
|---|---|---|---|
| 001 | 20536 | ||
| 008 | 160829s1965 xx 000 0 cat d | ||
| 080 | |a D-4-15 | ||
| 245 | |a Expropiación forzosa : |b legislación vigente por el carácter progresivo de esta publicación | ||
| 260 | |a Pamplona : |b Aranzadi, |c 1965 | ||
| 300 | |a 1024 p. ; |c 17 cm | ||
| 650 | |a Expropiació |x Dret i legislació |x Espanya |9 46087 | ||
| 901 | |a Arxiu | ||
| 942 | |n 1 | ||
| 952 | |0 1 |1 0 |2 udc |4 0 |5 2 |6 D415 |7 1 |9 52984 |a Arxiu |b Arxiu |d 2016-12-01 |l 0 |o D-4-15 |p 20536 |r 2016-12-01 00:00:00 |w 2016-12-01 |y ARXIU | ||
| 999 | |c 56833 |d 56833 | ||